000 00591nam a2200205 a 4500
005 20210219152852.0
008 991125n 000 0 spa u
035 _aUPN01000064210
100 1 _aAguilar Salas, María de Lourdes
222 _aREVISTA MEXICANA DE PEDAGOGIA
245 _aAnotaciones para un modelo mexicano de educacion indigena
260 _aMéxico
300 _a32-35
362 0 _a1995 Año 6, no. 24, jul.-ago.
653 0 _aCURRICULUM
653 0 _aEDUCACION BILINGÜE BICULTURAL
653 0 _aEDUCACION INDIGENA
904 _aAC
_b002021
905 _aArticulo
999 _c62482
_d62482